|
|
|
|
| LEADER |
00829cam a2200253 7i4500 |
| 001 |
0000010381 |
| 005 |
20190515090000.0 |
| 008 |
070810 eng |
| 020 |
|
|
|a 0078266114 (hbk.)
|
| 020 |
|
|
|a 9780078266119
|
| 040 |
|
|
|a DLC
|
| 090 |
0 |
0 |
|a T353
|b .J46 2002
|
| 100 |
1 |
|
|a Jensen, Cecil
|
| 245 |
1 |
0 |
|a Engineering drawing and design
|c Cecil Jensen, Jay D. Helsel, Dennis R. Short.
|
| 250 |
|
|
|a 6th ed.
|
| 260 |
|
|
|a New York, N.Y.:
|b Glencoe/McGraw-Hill,
|c 2002.
|
| 300 |
|
|
|a xv, 1002 p.:
|b col. ill.;
|c 28 cm.
|
| 500 |
|
|
|a Includes index
|
| 650 |
0 |
0 |
|a Mechanical drawing
|
| 650 |
0 |
0 |
|a Engineering design
|
| 700 |
1 |
|
|a Short, Dennis R
|
| 700 |
1 |
|
|a Helsel, Jay D
|
| 997 |
|
|
|a Engineering & Life Sciences, Faculty
|b Engineering, Department
|
| 999 |
|
|
|a 0000019576
|b BOK
|c OPEN SHELF
|e 2nd Floor, Bestari Jaya
|